| 000 | 00678nam a2200253 a 4500 | ||
|---|---|---|---|
| 999 |
_c1864 _d1864 |
||
| 001 | 1864 | ||
| 003 | BD-JhCC | ||
| 005 | 20171028091440.0 | ||
| 008 | 171025s1984 cc b|||| ||a| 000 0 eng d | ||
| 020 | _a086442003X | ||
| 035 | _a(BD-JhCC)1864 | ||
| 040 |
_aBD-JhCC _dBD-JhCC |
||
| 041 | _aeng | ||
| 082 |
_a915.104 _bSAM 1984 |
||
| 100 | _aSamagalski, Alan | ||
| 245 |
_aChina, a Travel survival kit / _cAlan Samagalski; Robert Strauss and Michael Buckley |
||
| 260 |
_aChina : _bLonely Planet, _c1984. |
||
| 300 |
_a820p. : _c18 cm. |
||
| 650 | _aChina - Guidebooks | ||
| 700 | _qStrauss, Robert | ||
| 700 | _qBuckley, Michael | ||
| 942 |
_2ddc _cBK |
||